Responses for Show #8142 - Tuesday, January 21, 2020

Contestants

[<< previous game]

Samantha Slama, a high school English teacher from Los Angeles, California

Steve Schiraldi, a data analyst from Arlington, Virginia

Dennis Coffey, a bartender from Old Orchard Beach, Maine (whose 2-day cash winnings total $39,202)

[next game >>]

Jeopardy! Round responses

CHECK OUT THE CRITTER
GRAVESITE OFFERINGS
WORDS FROM MYTHOLOGY
SPACES
SPORTS DEFINITIONS
I MISSED THE START OF THAT NURSERY RHYME
(Alex: So you have to provide the part that we left out.)
    $200 23
(Alex: Yes, with less than a minute to go now.)

Spider-Man

Steve
    $200 2
a labyrinth

Samantha
    $200 12
a crawl space

Dennis
    $200 17
volleyball

Steve
    $400 11
(Alex: Cute little fellas.)

echidna

Triple Stumper
    $400 16
Jimi Hendrix

Dennis
    $400 3
mercurial

Dennis
    $400 18
the baggage claim

Samantha
    $400 9
a checkered flag

Steve
    $400 24
"Rub-a-dub-dub"

Samantha
    $600 10
(Samantha: What is asexual?)
(Dennis: What is a hydra?)

hermaphrodite

DennisSamantha
Triple Stumper
    $1,000 13
(Dennis: Uh, who is Lincoln?)
(Alex: No. The pennies have the image of Lincoln, but it's the grave of [*].)

John Wilkes Booth

Dennis
    $600 1
a calliope

Samantha
    $600 19
an octagon

Dennis
    $600 6
to scratch

Dennis
    $600 25
"Star light, star bright"

Dennis
    $800 22
(Samantha: What is a squirrel?)
(Dennis: What is a bat?)

a lemur

DennisSamantha
Triple Stumper
    $800 14
teddy bear

Dennis
    $800 4
jovial

Samantha
    $800 20
a patio

Steve
    $800 7
(Alex: And just a reminder for our viewers that the U.S. Figure Skating Championships are going on all this week.)

an axel

Steve
    $800 26
"Mary, Mary, quite contrary"

Dennis
    $1000 28
[The end-of-round signal sounds.]

a fennec fox

Samantha
    $1000 15
Père Lachaise

Samantha
    $1000 5
nemesis

Dennis
    $1000 21
(Steve: What's a garage?)
(Samantha: What is a hangar?)

a showroom

SteveSamantha
Triple Stumper
    $1000 8
a nutmeg

Steve
    $1000 27
"Little Bo Peep has lost her sheep"

Dennis

Scores at the first commercial break (after clue 15):

Dennis Steve Samantha
$1,400 $2,200 $2,000

Scores at the end of the Jeopardy! Round:

Dennis Steve Samantha
$4,000 $2,400 $2,000

Double Jeopardy! Round responses

BOOKS & AUTHORS
A CAPITAL CITY IDEA
THE USG
(Alex: We're referring to the United States Government.)
SPACED-OUT POP CULTURE
IN SOVIET RUSSIA
WORDS START WITH "U"
    $400 18
Zero

Steve
    $400 6
Athens

Samantha
    $400 1
Alien

Samantha
    $400 13
Ursa

Steve
    $800 26
[The end-of-round signal sounds.]

Bernadette

Samantha
    $800 7
Hanoi

Steve
    $800 19
the Humanities

Dennis
    $800 2
(Dennis: What is "in a galaxy far away"?)

"a galaxy far, far away"

DennisSteve
    $800 21
(Steve: What is agitate and propagate?)

agitation & propaganda

Steve
Triple Stumper
    $800 14
unboxing

Samantha
    $1200 9
Dublin

Dennis
    $1200 22
the Congressional Budget Office

Triple Stumper
    $1200 3
2001: A Space Odyssey

Steve
    $1200 11
the KGB

Steve
    $1200 15
utter

Triple Stumper
    $1600 8
Rabat

Steve
    $2,500 23
(Alex: [Prior to the wager] We have less than a minute to go now.)
...
(Alex: Dennis?)
(Dennis: Uh, what is, uh...)
[Beep beep]
(Dennis: Census...)

Civil Rights

Dennis
    $1600 4
The Orville

Triple Stumper
    $1600 12
dissidents

Triple Stumper
    $1600 16
usury

Samantha
    $2000 25
Huxley

Steve
    $2,500 10
Stockholm

Dennis
    $2000 24
(Samantha: What is the Department of Internal Affairs?)

the Defense Intelligence Agency

Samantha
Triple Stumper
    $2000 5
Katee Sackhoff

Samantha
    $2000 20
Brezhnev

Dennis
    $2000 17
umber

Triple Stumper

Scores at the end of the Double Jeopardy! Round:

Dennis Steve Samantha
$7,200 $10,000 $6,000

[wagering suggestions for these scores]

Final Jeopardy! Round responses

CLASSIC MOVIES
SamanthaWhat is Mr. Smith Goes to Washington?
$5,400
DennisWhat is Mr Smith Goes to Washington?
$4,801
SteveWhat is Gone With the Wind?
$4,401
Mr. Smith Goes to Washington

Final scores:

Dennis Steve Samantha
$12,001 $5,599 $11,400
3-day champion: $51,203 3rd place: $1,000 2nd place: $2,000

Game dynamics:

Coryat scores:

Dennis Steve Samantha
$10,200 $10,000 $6,000
14 R
(including 1 DD),
5 W
(including 2 DDs)
14 R,
2 W
13 R,
4 W

Combined Coryat: $26,200

[game clues] [game scores] [suggest correction]

Game tape date: 2019-11-13
The J! Archive is created by fans, for fans. Scraping, republication, monetization, and malicious use prohibited; this site may use cookies and collect identifying information. See terms. The Jeopardy! game show and all elements thereof, including but not limited to copyright and trademark thereto, are the property of Jeopardy Productions, Inc. and are protected under law. This website is not affiliated with, sponsored by, or operated by Jeopardy Productions, Inc. Join the discussion at JBoard.tv.